01635 a2200145 4500020001800000082002200018100002100040100002700061245009300088260004700181300000900228504002500237520109300262650013401355 a9789388874915 a320.954165bHAK-K aHaksar, Nandita  aHongray, Sebastian M.  aKuknalimb: Naga armed resistance: testimonies of leaders, pastors, healers and soldiers bSpeaking Tiger Publishingc2019aNew Delhi a453p aInclude Bibliography aThis book examines of the origins of the conflict between the two nuclear powers--India and Pakistan--and the instability and violence in the disputed territory of Kashmir. It presents to its readers a chronology of events and political decisions that has led to an intractable situation of the present, many decades since the stand-off between India and Pakistan started. Rathnam Indurthy traces the origins of the constant war-like situation between the two most powerful, nuclear powers in South Asia through war and peace, agreements and talks, and political leaders and generals. From Indira Gandhi to Vajpayee, and from Zia-ul-Haq, Parvez Musharraf to Nawaz Sharif, the volume lays bare the various machinations on the political chessboard. It also looks at the internal issues and politics of Kashmir and offers explanations as well as solutions for the resolution of the festering impasse the two nations have reached. This volume will be of great interest to scholars and readers of foreign policy, international relations, South Asian politics, and defence and strategic studies aPolitics and governmentvIndependence MovementsvNaga, South Asian peoplevAutonomy and independence MovementzNortheastern India